000 00671nam a22002172 4500
001 0000002218
005 20151217151844.0
008 070404s xx 000 0 eng d
020 _a0273634151 :
_cKES 1,215
040 _aKABU
_cKABU
050 0 _aHF5686
_b.C8H37 1995
100 1 _aHarper, W. M.
_@0000151496
245 1 0 _aCost and management accounting /
_cW. M. Harper.
260 _aHarlow, England :
_bFinancial Times/Prentice Hall,
_c1995.
300 _aviii, 566 p. ;
_c22 cm.
650 0 _aCost accounting.
_@0000151497
650 0 _aManagerial accounting.
_@0000151472
908 _a070404
950 _@1
999 _c5712
_d5712